Fundamentals of momentum, heat and mass transfer / (Record no. 18504)
[ view plain ]
| 000 -LEADER | |
|---|---|
| fixed length control field | 01308nam a22003375a 4500 |
| 001 - CONTROL NUMBER | |
| control field | 016784950 |
| 003 - CONTROL NUMBER IDENTIFIER | |
| control field | OSt |
| 005 - DATE AND TIME OF LATEST TRANSACTION | |
| control field | 20201128021112.0 |
| 008 - FIXED-LENGTH DATA ELEMENTS--GENERAL INFORMATION | |
| fixed length control field | 140626t2015 njua frb 001 0 eng d |
| 020 ## - INTERNATIONAL STANDARD BOOK NUMBER | |
| International Standard Book Number | 9781118808870 (pbk.) |
| 040 ## - CATALOGING SOURCE | |
| Original cataloging agency | StDuBDS |
| Language of cataloging | eng |
| Transcribing agency | StDuBDS |
| Modifying agency | EG-ScBUE |
| 082 04 - DEWEY DECIMAL CLASSIFICATION NUMBER | |
| Classification number | 620.106 |
| Edition number | 22 |
| Item number | WEL |
| 100 1# - MAIN ENTRY--PERSONAL NAME | |
| Personal name | Welty, James R. |
| 9 (RLIN) | 36342 |
| 245 10 - TITLE STATEMENT | |
| Title | Fundamentals of momentum, heat and mass transfer / |
| Statement of responsibility, etc | James R. Welty, Gregory L. Rorrer, David G. Foster ; with contributions from A. N. Bhaskarwar. |
| 246 34 - VARYING FORM OF TITLE | |
| Title proper/short title | Fundamentals of momentum, heat and mass transfer : |
| Remainder of title | exclusive to this version section questions, chapter structure, concise coverage |
| 250 ## - EDITION STATEMENT | |
| Edition statement | 6th ed., International student version. |
| 260 ## - PUBLICATION, DISTRIBUTION, ETC. (IMPRINT) | |
| Place of publication, distribution, etc | Hoboken : |
| Name of publisher, distributor, etc | John Wiley & Sons, |
| Date of publication, distribution, etc | c.2015. |
| 300 ## - PHYSICAL DESCRIPTION | |
| Extent | x, 658 p. : |
| Other physical details | ill. ; |
| Dimensions | 26 cm. |
| 500 ## - GENERAL NOTE | |
| General note | Index : p. 654-658. |
| 500 ## - GENERAL NOTE | |
| General note | Includes appendixes. |
| 504 ## - BIBLIOGRAPHY, ETC. NOTE | |
| Bibliography, etc | Includes bibliographical references. |
| 650 #7 - SUBJECT ADDED ENTRY--TOPICAL TERM | |
| Topical term or geographic name as entry element | Fluid mechanics. |
| 9 (RLIN) | 5179 |
| Source of heading or term | BUEsh |
| 650 #7 - SUBJECT ADDED ENTRY--TOPICAL TERM | |
| Topical term or geographic name as entry element | Mass transfer. |
| 9 (RLIN) | 37175 |
| Source of heading or term | BUEsh |
| 650 #7 - SUBJECT ADDED ENTRY--TOPICAL TERM | |
| Topical term or geographic name as entry element | Heat |
| General subdivision | Transmission. |
| 9 (RLIN) | 3121 |
| Source of heading or term | BUEsh |
| 651 ## - SUBJECT ADDED ENTRY--GEOGRAPHIC NAME | |
| Source of heading or term | BUEsh |
| 653 ## - INDEX TERM--UNCONTROLLED | |
| Resource For college | Engineering, Chemical |
| Arrived date list | October2014 |
| -- | November2015 |
| 700 1# - ADDED ENTRY--PERSONAL NAME | |
| Personal name | Rorrer, Gregory L. |
| 9 (RLIN) | 36343 |
| 700 1# - ADDED ENTRY--PERSONAL NAME | |
| Personal name | Foster, David G. |
| 9 (RLIN) | 36344 |
| 700 1# - ADDED ENTRY--PERSONAL NAME | |
| Personal name | Bhaskarwar, A. N. |
| 9 (RLIN) | 36345 |
| Relator term | contributor. |
| 942 ## - ADDED ENTRY ELEMENTS (KOHA) | |
| Source of classification or shelving scheme | Dewey Decimal Classification |
| Call number prefix | 620.106 WEL |
| Withdrawn status | Item status | Source of classification or shelving scheme | Damaged status | Not for loan | Vendor | Home library | Current library | Shelving location | Date acquired | Source of acquisition | Cost, normal purchase price | Total Checkouts | Full call number | Barcode | Date last seen | Date last borrowed | Cost, replacement price | Koha item type | Serial Enumeration / chronology |
|---|---|---|---|---|---|---|---|---|---|---|---|---|---|---|---|---|---|---|---|
| Dewey Decimal Classification | Baccah | Central Library | Central Library | First floor | 27/10/2014 | 990.00 | 1 | 620.106 WEL | 000036791 | 15/07/2025 | 21/12/2014 | 1237.50 | Book - Borrowing | ||||||
| Dewey Decimal Classification | Baccah | Central Library | Central Library | First floor | 27/10/2014 | 990.00 | 620.106 WEL | 000036792 | 15/07/2025 | 1237.50 | Book - Borrowing | ||||||||
| Dewey Decimal Classification | Baccah | Central Library | Central Library | First floor | 27/10/2014 | 990.00 | 620.106 WEL | 000036793 | 15/07/2025 | 1237.50 | Book - Borrowing | ||||||||
| Dewey Decimal Classification | Baccah | Central Library | Central Library | First floor | 17/11/2015 | Purchase | 1657.00 | 620.106 WEL | 000030873 | 15/07/2025 | 2072.00 | Book - Borrowing | 23317 |